00497nam a2200193 a 4500001001300000003000900013005001700022008004100039020001000080082002100090100001500111245001800126260006200144300000900206500003500215505001700250650002100267700001500288nice12345678IN_TiNIC20260116011748.0050524s0000 hyda grp 000 0 urd  ac10000a891.4391092bMAL aRam, Malik aZikr-E-Ghaleb aHyderabadbInst.Of Indo-Middle East Cultural Studiec0000 a279p aincludes index and biblioraphy2 abibliography aGhalib-Biography1 aRam, Malik